000 00780nam a2200205 a 4500
008 111025s1998 ||||||||||||||||| || u
020 _a0815127995
050 _aRC 954 Lue
100 _aLueckenotte, Annette Giesler
245 1 0 _aPocket guide to gerontologic assessment. (3rd ed.)
250 _a3rd ed.
260 _aSt. Louis:
_bElsevier/Mosby
_c1998
300 _ax, 421p.: ill.
350 _a0.00
650 _aNURSING ASSESSMENT--HANDBOOKS
650 _aAGED
650 _aGERIATRIC NURSING--HANDBOOKS, MANUALS, ETC
650 _aPHYSICAL EXAMINATION--IN OLD AGE--HANDBOOKS
995 _aMEDICAL LIBRARY OPEN ACCESS
_D0.00
_e900236
_FCBU-SCHOOL OF MEDICINE LIBRARY (Ndola)
_H1
_I0.00
_jRC 954 Lue
_M1
_UAVAILABLE
_WOct 25, 2011
_y900236
_ZMedical Library Open Access Collection
999 _c32410
_d32410